000 00265nam a2200109Ia 4500
008 220216s9999 xx 000 0 und d
100 _aMathew Shera
245 0 _aCasting vazhiyulla rubberulpanna nirmanam
260 _bRubber
_c2012
300 _a16-17
942 _cJS
999 _c55221
_d55221